Normal view
MARC view
Entry Personal Name
001 - CONTROL NUMBER
- control field: 8275
003 - CONTROL NUMBER IDENTIFIER
- control field: OSt
005 - DATE AND TIME OF LATEST TRANSACTION
- control field: 20160425184046.0
008 - FIXED-LENGTH DATA ELEMENTS
- fixed length control field: 160425|| aca||aabn | a|a d
040 ## - CATALOGING SOURCE
- Original cataloging agency: OSt
- Transcribing agency: OSt
100 ## - HEADING--PERSONAL NAME
- Personal name: Jeffery, G. H.,
- Dates associated with a name: 1909-
670 ## - SOURCE DATA FOUND
- Source citation: Work cat.: (OSt)3752: Mendham, J...[etal] 8273, Vogel's textbook of quantitative chemical analysis., 2000
